000 00647nam a22001937a 4500
005 20251108172958.0
008 250721s2003 xx 000 0 ara d
082 1 4 _a810.19/واد
100 1 _aوادي، طه
_eمؤلف
245 1 0 _aشوقي ضيف سيرة و تحية : دراسات في الأدب و النقد و اللغة و التراث /
264 1 _aالقاهرة :
_bالمجلس الأعلى للثقافة،
_c2003.
300 _a549ص.
650 1 7 _aالأدباء العرب
650 1 7 _aاللغة العربية
650 1 7 _aالتراث
650 1 7 _aالأدب العربي
942 _2ddc
_cBK
999 _c93253
_d93253